000 00867nac a22002051u 4500
010 _a 94008032
020 _a0786301139
082 0 0 _a670.285
_bV487
090 _c4029
_d4029
100 _aVerDuin, William H.
245 1 0 _aBetter products faster :
_ba practical guide to knowledge-based systems for manufacturers /
_cWilliam H. VerDuin.
260 _aBurr Ridge, Ill. :
_bIrwin Professional Pub.,1995
_c1995.
300 _axvii, 249 p. :
_bill. ;
_c24 cm.
504 _aIncludes bibliographical references (p. 216-217) and index.
650 0 _aProduction engineering
_xAutomation.
650 0 _aExpert systems (Computer science)
_xIndustrial applications.
650 0 _aCAD/CAM systems.
942 _cBB
_k670.285V487
999 _c4029
_d4029